|
|
|
|
| LEADER |
01349nam a2200301 a 4500 |
| 001 |
12642068 |
| 008 |
091105s2003 caua b 001 0 eng d |
| 010 |
|
|
|a 2002000215
|
| 020 |
|
|
|a 8178292904
|
| 020 |
|
|
|a 0761924574
|
| 020 |
|
|
|a 0761924582 (pbk.)
|
| 040 |
|
|
|a DLC
|c DLC
|d DLC
|
| 082 |
0 |
0 |
|a 338.973
|2 21
|
| 100 |
1 |
|
|a Blakely, Edward James,
|d 1938-
|
| 245 |
1 |
0 |
|a Planning local economic development :
|b theory and practice /
|c Edward J. Blakely, Ted K. Bradshaw,.
|
| 250 |
|
|
|a 3rd ed.
|
| 260 |
|
|
|a Thousand Oaks, Calif :
|b Sage, ;
|a New Delhi :
|b Vistaar
|c c2003.
|
| 300 |
|
|
|a xvii, 398 p. :
|b ill. ;
|c 24 cm.
|
| 504 |
|
|
|a Includes bibliographical references and indexes.
|
| 541 |
1 |
|
|e 00013191
|
| 650 |
|
0 |
|a Industrial promotion
|z United States.
|
| 650 |
|
0 |
|a Community development
|z United States.
|
| 650 |
|
0 |
|a Economic development.
|
| 700 |
1 |
|
|a Bradshaw, Ted K.
|
| 852 |
4 |
|
|a Ayesha Abed Library
|j General Shelf
|
| 999 |
|
|
|c 5723
|d 5723
|
| 952 |
|
|
|0 0
|1 0
|2 ddc
|4 0
|6 338_973000000000000_BLA
|7 0
|9 5657
|a BRACUL
|b BRACUL
|c GEN
|d 2009-11-21
|g 0.00
|l 0
|o 338.973 BLA
|p 3010013191
|r 2009-11-21
|t 1
|w 2009-11-21
|y BK
|x No price found in the accession register.
|
| 952 |
|
|
|0 0
|1 0
|2 ddc
|4 0
|6 338_973000000000000_BLA
|7 0
|9 8756
|a BRACUL
|b BRACUL
|c GEN
|d 2010-03-23
|l 1
|m 10
|o 338.973 BLA
|p 3010013161
|r 2026-02-16
|s 2025-11-30
|t 2
|w 2010-03-23
|y BK
|x No price found in the accession register.
|